| 000 | 00922cam a2200313 4500 | ||
|---|---|---|---|
| 008 | 090401t1992 xxu||||| |||| 00| 0 eng d | ||
| 020 | _a0854065539 | ||
| 035 | _a(Sirsi) u56566 | ||
| 041 | _aeng | ||
| 050 | _a614.7 | ||
| 090 | _aRICS 1992/40ABCD | ||
| 100 | _aSteel, John | ||
| 245 | _aFarm pollution: a guide for chartered surveyors. | ||
| 250 | _a2nd ed. | ||
| 260 |
_aLondon _bRICS _c1992 |
||
| 300 | _a17p. ; 30cm. | ||
| 350 | _a5 | ||
| 520 | _aWITHDRAWN FROM PUBLICATION (1996). Produced by the Rural Practice Division of the Royal Institution of Chartered Surveyors. | ||
| 650 | _aFARMING | ||
| 650 | _aGUIDANCE NOTES | ||
| 650 | _aRICS | ||
| 650 | _aWATER POLLUTION | ||
| 650 | _aWATER RESOURCES ACT 1991 | ||
| 690 | _aRURAL PRACTICE | ||
| 700 | _aSloan, Peter | ||
| 710 |
_aRoyal Institution of Chartered Surveyors _bRural Practice Division _92625 |
||
| 942 | _n0 | ||
| 948 | _c04/03/1997 | ||
| 999 |
_c93810 _d93810 |
||